| 000 | 01498 a2200313 4500 | ||
|---|---|---|---|
| 999 |
_c11122 _d11122 |
||
| 020 | _a0816030766 (alk. paper) | ||
| 050 | 0 | 0 |
_aQ224.3. _bOLE 1995 |
| 100 | 1 |
_aOleksy, Walter G., _d1930- _eauthor |
|
| 245 | 1 | 0 |
_aScience and medicine / _cWalter Oleksy. |
| 264 |
_a New York : _bFacts On File, _c1995 |
||
| 300 |
_avii, 136 pages _billustrations |
||
| 336 |
_2rdacontent _atext _btxt |
||
| 337 |
_2rdamedia _aunmediated _bn |
||
| 338 |
_2rdacarrier _avolume _bnc |
||
| 440 | 4 | _aThe Information revolution | |
| 504 | _aIncludes bibliographical references (p. 129-130) and index. | ||
| 520 | _aExamines how computer technology affects the acquisition and application of scientific knowledge in such fields as astronomy, archaeology, medicine, and physics. | ||
| 650 | 0 |
_aScience _xInformation services _xJuvenile literature. |
|
| 650 | 0 |
_aMedicine _xInformation services _xJuvenile literature. |
|
| 650 | 0 |
_aCommunication in science _xData processing _xJuvenile literature. |
|
| 650 | 0 |
_aCommunication in medicine _xData processing _xJuvenile literature. |
|
| 650 | 0 |
_aElectronic data interchange _xJuvenile literature. |
|
| 650 | 0 |
_aInformation technology _xJuvenile literature. |
|
| 650 | 1 | _aInformation technology. | |
| 650 | 1 |
_aScience _xData processing. |
|
| 650 | 1 |
_aMedicine _xData processing. |
|
| 942 |
_2lcc _cBK _h224.3 _iOLE _kQ |
||